000 00446nam a2200181Ia 4500
005 20250603144643.0
008 250603s9999 xx 000 0 und d
020 _a9781479891603
050 _aJC 337 .E34/
100 _aEhrenberg, John
245 0 _aCivil society : the critical history of an idea
260 _aNew York
260 _bNew York University Press
260 _c2017
300 _a333 p
650 _aNew York
942 _cBK
999 _c39555
_d39555